神戸市の区 - Statistics

General Stats
  • This quiz has been taken 81 times
  • The average score is 8 of 9
Answer Stats
Answer % Correct
93%
中央
91%
西
90%
88%
須磨
87%
東灘
85%
兵庫
85%
長田
85%
垂水
81%
No matching quizzes found
Score Distribution
Percent of People with Each Score
Percentile by Number Answered
Your Score History
You have not taken this quiz